[Event "Titled Tuesday intern op 15th Sept"]
[Site "Chess.com INT"]
[Date "2020.09.15"]
[Round "6"]
[White "Ogloblin, Nikolay"]
[Black "Turincio Garcia, Sergio"]
[Result "1-0"]
[WhiteElo "2346"]
[BlackElo "2155"]
[PlyCount "75"]
[EventDate "2020.09.15"]
[EventType "swiss (blitz)"]
[EventRounds "10"]
[EventCountry "USA"]
[SourceTitle "CBM 198 Extra"]
[Source "ChessBase"]
[SourceDate "2020.11.30"]
[SourceVersion "1"]
[SourceVersionDate "2020.11.30"]
[SourceQuality "1"]

1. d4 Nf6 2. Nf3 d5 3. c4 e6 4. Bg5 Be7 5. Qc2 0-0 6. e3 c5 7. cxd5 cxd4 8. Nxd4 Nxd5 9. Bxe7 Qxe7 10. Nd2 Bd7 11. Bd3 Rc8 12. Qb1 e5 13. N4f3 h6 14. 0-0 Nc6 15. Bh7+ Kh8 16. Be4 Be6 17. Rc1 Rd8 18. Nc4 f6 19. a3 Rac8 20. b4 Qf7 21. b5 Nce7 22. Na5 Nc3 23. Rxc3 Rxc3 24. Nxb7 Rb8 25. Qb4 Rc4 26. Nd6 Rxb4 27. Nxf7+ Bxf7 28. axb4 Rxb5 29. Rxa7 Rxb4 30. Rxe7 Rxe4 31. Rxf7 Rb4 32. h4 Kg8 33. Ra7 Rb1+ 34. Kh2 Rb2 35. Kg3 Rb4 36. h5 Rc4 37. Nh4 Rc7 38. Rxc7 1-0

[Event "Titled Tuesday intern op 15th Sept"]
[Site "Chess.com INT"]
[Date "2020.09.15"]
[Round "8"]
[White "Turincio Garcia, Sergio"]
[Black "Vlassov, Nikolai"]
[Result "0-1"]
[WhiteElo "2155"]
[BlackElo "2352"]
[PlyCount "62"]
[EventDate "2020.09.15"]
[EventType "swiss (blitz)"]
[EventRounds "10"]
[EventCountry "USA"]
[SourceTitle "CBM 198 Extra"]
[Source "ChessBase"]
[SourceDate "2020.11.30"]
[SourceVersion "1"]
[SourceVersionDate "2020.11.30"]
[SourceQuality "1"]

1. d4 Nf6 2. Nf3 e6 3. c4 Nc6 4. Nc3 Bb4 5. Bg5 h6 6. Bh4 g5 7. Bg3 Ne4 8. Qc2 d5 9. e3 h5 10. h4 g4 11. Nd2 Bxc3 12. bxc3 Nxg3 13. fxg3 Qd6 14. Kf2 Rh6 15. e4 Rf6+ 16. Kg1 Qxg3 17. e5 Qf2+ 18. Kh2 Qxh4+ 19. Kg1 Qf2+ 20. Kh2 Rg6 21. Bd3 g3+ 22. Kh3 Qf4 23. Qd1 Rg4 24. Nf3 dxc4 25. Bc2 Bd7 26. Qe2 0-0-0 27. Raf1 Rdg8 28. a4 Ne7 29. d5 Nxd5 30. Rd1 c5 31. Rxd5 exd5 0-1

[Event "Titled Tuesday intern op 01st Sept"]
[Site "Chess.com INT"]
[Date "2020.09.01"]
[Round "6"]
[White "Turincio Garcia, Sergio"]
[Black "Derraugh, Geordie"]
[Result "1-0"]
[WhiteElo "2155"]
[BlackElo "2169"]
[PlyCount "93"]
[EventDate "2020.09.01"]
[EventType "swiss (blitz)"]
[EventRounds "10"]
[EventCountry "USA"]
[SourceTitle "CBM 198 Extra"]
[Source "ChessBase"]
[SourceDate "2020.11.30"]
[SourceVersion "1"]
[SourceVersionDate "2020.11.30"]
[SourceQuality "1"]

1. d4 Nf6 2. c4 e6 3. Nc3 Bb4 4. Qc2 c5 5. dxc5 Qc7 6. Nf3 a6 7. Bg5 Bxc5 8. Bxf6 gxf6 9. e3 Nc6 10. Be2 b6 11. 0-0 Bb7 12. a3 Ne5 13. Nxe5 Qxe5 14. Rad1 Rg8 15. g3 Bxe3 16. Nd5 exd5 17. fxe3 d4 18. Bf3 Qxe3+ 19. Kg2 0-0-0 20. Bxb7+ Kxb7 21. Rde1 Qg5 22. Qe4+ Ka7 23. Rf5 Qd2+ 24. Re2 Qc1 25. Qxd4 Rg5 26. Rxf6 Rc5 27. Rxb6 Kxb6 28. b4 Qxc4 29. bxc5+ Qxc5 30. Rb2+ Kc6 31. Qe4+ d5 32. Qxh7 Rd7 33. Rc2 d4 34. Qe4+ Rd5 35. Rxc5+ Kxc5 36. Qd3 Re5 37. Kf2 a5 38. a4 f5 39. Qb5+ Kd6 40. Qb6+ Kd5 41. Qxa5+ Ke4 42. Qa8+ Kd3 43. Qf3+ Re3 44. Qxf5+ Kd2 45. Qf4 Kd3 46. Qxe3+ dxe3+ 47. Ke1 1-0

[Event "Titled Tuesday intern op 01st Sept"]
[Site "Chess.com INT"]
[Date "2020.09.01"]
[Round "4"]
[White "Turincio Garcia, Sergio"]
[Black "Tronenkovs, Valdis"]
[Result "1-0"]
[WhiteElo "2155"]
[BlackElo "2265"]
[PlyCount "57"]
[EventDate "2020.09.01"]
[EventType "swiss (blitz)"]
[EventRounds "10"]
[EventCountry "USA"]
[SourceTitle "CBM 198 Extra"]
[Source "ChessBase"]
[SourceDate "2020.11.30"]
[SourceVersion "1"]
[SourceVersionDate "2020.11.30"]
[SourceQuality "1"]

1. d4 Nf6 2. c4 c5 3. d5 e6 4. Nc3 exd5 5. cxd5 g6 6. Nf3 Bg7 7. g3 0-0 8. Bg2 b5 9. Nxb5 Qa5+ 10. Nc3 Ne4 11. Bd2 Nxc3 12. bxc3 Bxc3 13. 0-0 Re8 14. d6 Nc6 15. Rc1 Bxd2 16. Nxd2 Ba6 17. Re1 Rab8 18. Nb3 Qxa2 19. Nxc5 Bxe2 20. Ra1 Bxd1 21. Rxe8+ Rxe8 22. Rxa2 Re1+ 23. Bf1 Nd4 24. f4 Be2 25. Rxe2 Nxe2+ 26. Kf2 Rc1 27. Nxd7 Nd4 28. Nf6+ Kg7 29. d7 1-0

[Event "Titled Tuesday intern op 18th Aug"]
[Site "Chess.com INT"]
[Date "2020.08.18"]
[Round "2"]
[White "Turincio Garcia, Sergio"]
[Black "Carnicelli, Valerio"]
[Result "0-1"]
[WhiteElo "2155"]
[BlackElo "2234"]
[PlyCount "58"]
[EventDate "2020.08.18"]
[EventType "swiss (blitz)"]
[EventRounds "10"]
[EventCountry "USA"]
[SourceTitle "CBM 197 Extra"]
[Source "ChessBase"]
[SourceDate "2020.09.30"]
[SourceVersion "1"]
[SourceVersionDate "2020.09.30"]
[SourceQuality "1"]

1. d4 Nf6 2. c4 g6 3. Nc3 Bg7 4. Nf3 0-0 5. g3 d6 6. Bg2 Nc6 7. 0-0 a6 8. d5 Na5 9. Nd2 c5 10. Qc2 Bd7 11. b3 b5 12. cxb5 axb5 13. Bb2 b4 14. Nce4 Nxe4 15. Bxg7 Nxd2 16. Bxf8 Nxf1 17. Bh6 Nxg3 18. fxg3 f6 19. Rf1 Nb7 20. Be4 Qe8 21. h4 Nd8 22. h5 f5 23. g4 fxe4 24. Rf8+ Qxf8 25. Bxf8 Kxf8 26. hxg6 hxg6 27. Qxe4 g5 28. Qf3+ Nf7 29. Qd3 Rxa2 0-1

[Event "Titled Tuesday intern op 18th Aug"]
[Site "Chess.com INT"]
[Date "2020.08.18"]
[Round "1"]
[White "Williams, Simon Kim"]
[Black "Turincio Garcia, Sergio"]
[Result "1-0"]
[WhiteElo "2464"]
[BlackElo "2155"]
[PlyCount "87"]
[EventDate "2020.08.18"]
[EventType "swiss (blitz)"]
[EventRounds "10"]
[EventCountry "USA"]
[SourceTitle "CBM 197 Extra"]
[Source "ChessBase"]
[SourceDate "2020.09.30"]
[SourceVersion "1"]
[SourceVersionDate "2020.09.30"]
[SourceQuality "1"]

1. d4 Nf6 2. c4 e5 3. dxe5 Ng4 4. e4 Nxe5 5. f4 Nec6 6. Be3 Bb4+ 7. Nc3 d6 8. Bd3 Nd7 9. Nf3 Nc5 10. 0-0 Bg4 11. Nd5 Nxd3 12. Qxd3 Bxf3 13. Rxf3 Bc5 14. Kh1 Bxe3 15. Rxe3 Qd7 16. b4 0-0-0 17. b5 Ne7 18. Qd4 Nxd5 19. exd5 Kb8 20. Qxg7 Rhg8 21. Qf6 Qg4 22. Rg3 Qe2 23. a4 Rde8 24. Rxg8 Rxg8 25. Rg1 a6 26. h3 Qxc4 27. Qxf7 Rg3 28. Kh2 Re3 29. bxa6 Qxa6 30. Qxh7 Qc4 31. Qg8+ Ka7 32. Qg4 Re4 33. Qd1 Rd4 34. Qc1 Qxd5 35. Qe3 c5 36. Rf1 Qc4 37. Qf3 Rd3 38. Qf2 Qxa4 39. f5 Qe8 40. f6 Qe5+ 41. Kh1 Qe8 42. f7 Qf8 43. Re1 Qg7 44. f8Q 1-0

[Event "Titled Tuesday intern op 11th Aug"]
[Site "Chess.com INT"]
[Date "2020.08.11"]
[Round "5"]
[White "Rodriguez, Santiago"]
[Black "Turincio Garcia, Sergio"]
[Result "1-0"]
[WhiteElo "2252"]
[BlackElo "2155"]
[PlyCount "47"]
[EventDate "2020.08.11"]
[EventType "swiss (blitz)"]
[EventRounds "10"]
[EventCountry "USA"]
[SourceTitle "CBM 197 Extra"]
[Source "ChessBase"]
[SourceDate "2020.09.30"]
[SourceVersion "1"]
[SourceVersionDate "2020.09.30"]
[SourceQuality "1"]

1. e4 c6 2. d4 d5 3. Nc3 dxe4 4. Nxe4 Nf6 5. Nxf6+ exf6 6. Bd3 Bd6 7. c3 0-0 8. Qc2 Re8+ 9. Be3 h6 10. 0-0-0 Be6 11. Kb1 Qa5 12. c4 b5 13. Bd2 Qa6 14. d5 cxd5 15. cxb5 Qb6 16. Ne2 a6 17. Be3 Qa5 18. b6 d4 19. Nxd4 Bxa2+ 20. Kc1 Nd7 21. b7 Rad8 22. Nc6 Qh5 23. Nxd8 Bb4 24. Nc6 1-0

[Event "Titled Tuesday intern op 4th Aug 10am"]
[Site "Chess.com INT"]
[Date "2020.08.04"]
[Round "5"]
[White "Turincio Garcia, Sergio"]
[Black "Prydun, Andriy"]
[Result "0-1"]
[WhiteElo "2155"]
[BlackElo "2254"]
[PlyCount "70"]
[EventDate "2020.08.04"]
[EventType "swiss (blitz)"]
[EventRounds "10"]
[EventCountry "USA"]
[SourceTitle "CBM 197 Extra"]
[Source "ChessBase"]
[SourceDate "2020.09.30"]
[SourceVersion "1"]
[SourceVersionDate "2020.09.30"]
[SourceQuality "1"]

1. d4 d5 2. Nf3 Nf6 3. Bf4 c6 4. e3 Bg4 5. c4 Bxf3 6. gxf3 Nbd7 7. Nc3 Nh5 8. Bg3 Nxg3 9. hxg3 e6 10. Bd3 h6 11. Qc2 Bb4 12. 0-0 Bd6 13. e4 dxe4 14. fxe4 e5 15. dxe5 Nxe5 16. Rad1 Bc5 17. Kg2 h5 18. Be2 Qe7 19. f4 Ng6 20. Na4 h4 21. Nxc5 Qxc5 22. g4 h3+ 23. Kh2 Nh4 24. e5 g5 25. Qd2 Qe7 26. Qe3 Ng6 27. e6 Nxf4 28. exf7+ Kxf7 29. Qxe7+ Kxe7 30. Bd3 Rhd8 31. Rde1+ Kf8 32. Bf5 Rd2+ 33. Kh1 Rad8 34. b3 Rxa2 35. Re5 Rdd2 0-1

[Event "Titled Tuesday intern op 4th Aug 10am"]
[Site "Chess.com INT"]
[Date "2020.08.04"]
[Round "1"]
[White "Turincio Garcia, Sergio"]
[Black "Shirov, Alexei"]
[Result "0-1"]
[WhiteElo "2155"]
[BlackElo "2647"]
[PlyCount "64"]
[EventDate "2020.08.04"]
[EventType "swiss (blitz)"]
[EventRounds "10"]
[EventCountry "USA"]
[SourceTitle "CBM 197 Extra"]
[Source "ChessBase"]
[SourceDate "2020.09.30"]
[SourceVersion "1"]
[SourceVersionDate "2020.09.30"]
[SourceQuality "1"]

1. d4 d5 2. c4 c6 3. Nc3 Nf6 4. Nf3 e6 5. Bg5 dxc4 6. a4 Bb4 7. e3 b5 8. Be2 Bb7 9. 0-0 a6 10. Ne5 h6 11. Bh4 Nbd7 12. Qc2 0-0 13. f4 Qc7 14. Bf3 Nd5 15. Nxd5 cxd5 16. Bg4 f5 17. Bh3 Nxe5 18. fxe5 Be7 19. Bg3 b4 20. Rae1 b3 21. Qb1 Rac8 22. e4 dxe4 23. Qd1 Bd5 24. Qh5 Bb4 25. Re2 Qf7 26. Qh4 Be7 27. Qf4 g5 28. Qf2 Qg6 29. Qe1 g4 30. Kh1 gxh3 31. gxh3 e3+ 32. Kg1 f4 0-1